Govt. of
Madhya Pradesh

History of Science, Philosophy and Culture in Indian Civilization (Record no. 44599)

MARC details
000 -LEADER
fixed length control field 004540000a22001450004500
003 - CONTROL NUMBER IDENTIFIER
control field MACL
040 ## - CATALOGING SOURCE
Original cataloging agency MACL
090 ## - LOCALLY ASSIGNED LC-TYPE CALL NUMBER (OCLC); LOCAL CALL NUMBER (RLIN)
-- 45061
-- 45059
100 ## - MAIN ENTRY--PERSONAL NAME
Personal name Prasad, Rajendra
245 ## - TITLE STATEMENT
Title History of Science, Philosophy and Culture in Indian Civilization
Remainder of title Volume XII Part 2 A-Historical-Developmental Study of Classical Indian Philosophy of Morals
260 ## - PUBLICATION, DISTRIBUTION, ETC. (IMPRINT)
Name of publisher, distributor, etc. Concept Publishing Company
Date of publication, distribution, etc. 2009
350 ## - PRICE (NR) (BK AM CF MU VM SE) [OBSOLETE]
Price 1800
650 ## - SUBJECT ADDED ENTRY--TOPICAL TERM
Topical term or geographic name as entry element History
942 ## - ADDED ENTRY ELEMENTS (KOHA)
Koha item type Library Membar
Call number prefix 100/PRA
Holdings
Withdrawn status Lost status Damaged status Not for loan Home library Current library Date acquired Total Checkouts Full call number Barcode Date last seen Uniform Resource Identifier Price effective from Koha item type
        MACL MACL 15/04/2015   100/PRA BOOK CRE24939 29/04/2015 44872 15/04/2015 Books